[Event "DEM U12 2005"]
[Site "Willingen GER"]
[Date "2005.05.15"]
[Round "1"]
[White "Cornish, Alexander"]
[Black "Thiele, Eileen"]
[Result "1-0"]
[Termination "normal"]
[Board "46"]
[WhiteElo "1466"]
[BlackElo "929"]
[PlyCount "45"]
[EventCountry "GER"]
[EventRounds "11"]
[EventType "swiss"]
[EventDate "2005.05.15"]

1. e4 e5 2. Nf3 Nc6 3. Bc4 Bc5 4. b4 Nxb4 5. c3 Nc6 6. d4 Bd6 7. O-O b6 8. dxe5
Bxe5 9. Bxf7+ Kf8 10. Bd5 Bxc3 11. Nxc3 Nf6 12. Bxc6 dxc6 13. Qxd8+ Kf7 14.
Ng5+ Kg6 15. Qxh8 Bd7 16. Qxa8 a5 17. f4 h6 18. f5+ Kh5 19. h3 Kh4 20. Bf4 hxg5
21. Qh8+ Nh5 22. g3+ Kxh3 23. Qxh5# 1-0

[Event "DEM U12 2005"]
[Site "Willingen GER"]
[Date "2005.05.15"]
[Round "1"]
[White "Thewes, Anna Christina"]
[Black "Bochis, Julia"]
[Result "0-1"]
[Termination "normal"]
[Board "47"]
[WhiteElo "918"]
[BlackElo "1461"]
[PlyCount "48"]
[BlackFideId "24647276"]
[EventCountry "GER"]
[EventRounds "11"]
[EventType "swiss"]
[EventDate "2005.05.15"]

1. e4 d5 2. exd5 Nf6 3. Nc3 Nxd5 4. Nf3 c6 5. Bc4 Bg4 6. O-O e6 7. d3 Be7 8. h3
Bh5 9. Ne4 h6 10. Ng3 Bg6 11. b3 Bf6 12. Rb1 Nc3 13. Qe1 Nxb1 14. Ne4 b5 15.
Nxf6+ Qxf6 16. Bxb5 cxb5 17. Be3 Na3 18. Qc1 Qe7 19. Bd4 O-O 20. Qb2 f6 21. Nh4
Bh7 22. b4 Nd7 23. Qxa3 Rfc8 24. c3 Bxd3 0-1

[Event "DEM U12 2005"]
[Site "Willingen GER"]
[Date "2005.05.15"]
[Round "1"]
[White "Pantusenko, Valeria"]
[Black "Vyelina, Valeriya"]
[Result "1-0"]
[Termination "normal"]
[Board "48"]
[WhiteElo "1459"]
[BlackElo "885"]
[PlyCount "89"]
[WhiteFideId "4662920"]
[BlackFideId "24677345"]
[EventCountry "GER"]
[EventRounds "11"]
[EventType "swiss"]
[EventDate "2005.05.15"]

1. e4 e5 2. Nf3 Nc6 3. Nc3 Nf6 4. Bb5 d6 5. d4 exd4 6. Nxd4 Bd7 7. Nxc6 Bxc6 8.
Bxc6+ bxc6 9. Bg5 h6 10. Bf4 Qe7 11. O-O Qd7 12. Re1 Be7 13. e5 dxe5 14. Rxe5
Rd8 15. Qe2 Nd5 16. Nxd5 cxd5 17. Re1 O-O 18. Rxe7 Qa4 19. Bxc7 Rc8 20. a3 Qc6
21. Be5 Qb6 22. Qg4 g6 23. Bd4 Qa5 24. Qf4 Rc4 25. Qf6 Rxd4 26. Qxd4 Qd8 27.
Qxa7 d4 28. Rd7 Re8 29. Rxd8 Rxd8 30. Rd1 f5 31. Rxd4 Re8 32. g3 Rf8 33. Rd6
Rf7 34. Rxg6+ Kf8 35. Qc5+ Ke8 36. Rg8+ Kd7 37. Qd5+ Ke7 38. Qd8+ Ke6 39. Re8+
Re7 40. Qxe7+ Kd5 41. Rd8+ Kc6 42. Qd6+ Kb5 43. Rc8 Ka5 44. Qb4+ Ka6 45. Ra8#
1-0

[Event "DEM U12 2005"]
[Site "Willingen GER"]
[Date "2005.05.15"]
[Round "1"]
[White "Rogasch, Miriam"]
[Black "Wilke, Friedrich"]
[Result "0-1"]
[Termination "normal"]
[Board "49"]
[WhiteElo "774"]
[BlackElo "1458"]
[PlyCount "64"]
[WhiteFideId "4616324"]
[EventCountry "GER"]
[EventRounds "11"]
[EventType "swiss"]
[EventDate "2005.05.15"]

1. e4 g6 2. Nf3 Bg7 3. d4 c6 4. Nc3 e6 5. e5 d5 6. Be2 Ne7 7. Bg5 Nd7 8. Bxe7
Qxe7 9. O-O O-O 10. Qd2 f6 11. exf6 Nxf6 12. Qg5 Bd7 13. Qh4 Qd6 14. Ng5 Rae8
15. Rfe1 Re7 16. Bg4 h6 17. Nf3 Nxg4 18. Qxg4 e5 19. Qg3 Rfe8 20. dxe5 Bxe5 21.
Nxe5 Rxe5 22. Rxe5 Rxe5 23. f3 Qe6 24. f4 Re3 25. Qh4 c5 26. Kf2 d4 27. Ne2
Rxe2+ 28. Kf1 Bb5 29. Kg1 Qe4 30. Qg3 Bc6 31. Kf1 Rxg2 32. Qh3 Qe2# 0-1